000 00932nam a2200253Ia 4500
003 CO-CtgCURN
005 20250407224832.0
008 190722s9999 xx 000 0 und d
020 _a9586825930
040 _aCO-CtgCURN
_bspa
_ccoctgcurn
082 _a338.9
_bG619g
100 _aGoldin, Ian
245 0 _aGlobalización y pobreza /
_cIan Goldin, Kenneth A. Reinert; traducción., Jesus Villamizar Herrera
260 _aBogotá, Colombia :
_bAlfaomega,
_c2005
300 _a64 páginas ;
_c21 centímetros
490 _aSerie Desarrollo para todos ,
500 _aTitulo original : Can globalization work for poor people
504 _aIncluye referencias bibliográficas
521 _aAREA SOCIOHUMANISTICA
590 _aTodos los programas académicos
650 _aDesarrollo económico
942 _cBK
_h338.9
_iG619g
_03
_2ddc
_n0
999 _c28013
_d28013